• 首页
  • 本馆介绍
  • 公告通知
  • 最新文献
  • 馆藏检索
  • 电子资源
  • 读者导购
  • 参考咨询
  • 我的图书馆
  • 登录
  • 详细信息显示
  • 放入我的书架
  • 预约/预借图书
  • 作者相关作品
  • 分类相关作品
  • 丛书相关作品
  • 出版社相关作品

书目信息

  • 表格格式
  • 工作单格式
  • 卡片格式
题名:
麦克米伦艺术百科词典
    
 
作者: 迈耶尔 主编 ;科泼斯通 主编
分册:  
出版信息: 北京   人民美术出版社  1989.4
页数: 318页
开本: 26厘米
丛书名:
单 册:
中图分类: J1-61 , J-61
科图分类:
主题词: 美术史--世界--词典
电子资源:
ISBN: 7-102-00359-5
000 01190nam0 2200289 45
001 0190001485
005 20061117111752.42
010    @a7-102-00359-5@dCNY27.50
100    @a19921104d1989 kemy0chiy0121 ea
101 1  @achi@ceng
102    @aCN@b110000
105    @af e 000yy
200 10 @a麦克米伦艺术百科词典@AMAI KE MI LUN YI SHU BAI KE CI DIAN@f(英)迈耶尔,(英)科泼斯通主编@F( YING ) MAI YE ER ,( YING ) KE PO SI TONG ZHU BIAN@g舒君等译
210    @a北京@c人民美术出版社@d1989.4
215    @a318页@d26厘米
300    @a书名原文:The Macmilan encyclopidia of art
304    @a著者原题:贝尔纳·迈耶尔,特列温·科泼斯通
330    @a本书系英国麦克米伦出版社1977年出版,原名为《麦克米伦艺术百科全书》,共有23万字300多幅黑白图,重要作品都有图片,古代美术还附有地图,书后附有世界各主要美术馆陈列作品范围的图表。
510 1  @aThe MacMilan encyclopidia of art@zeng
540 1  @a麦克米伦 艺术 百科 词典@AMAI KE MI LUN YI SHU BAI KE CI DIAN
606    @a美术史@y世界@x词典
690    @aJ1-61@v三版
690    @aJ-61@v3
701  1 @a迈耶尔@AMAI YE ER@b贝尔纳@4主编
702  0 @a科泼斯通@AKE PO SI TONG@b特列温@4主编
801  0 @aCN@bTSSF@c20061117
905    @a10447@dJ-61@e13
    
    麦克米伦艺术百科词典/(英)迈耶尔,(英)科泼斯通主编/舒君等译.-北京:人民美术出版社,1989.4
    318页;26厘米
    书名原文:The Macmilan encyclopidia of art
    
    ISBN 7-102-00359-5:CNY27.50
    本书系英国麦克米伦出版社1977年出版,原名为《麦克米伦艺术百科全书》,共有23万字300多幅黑白图,重要作品都有图片,古代美术还附有地图,书后附有世界各主要美术馆陈列作品范围的图表。
●
相关链接 在E读中查询图书 在五车中查询图书 在当当中查询图书 在豆瓣中查询图书


正题名:麦克米伦艺术百科词典     索取号:J-61/13         预约/预借

序号 登录号 条形码 馆藏地/架位号 状态 备注
1 0257648   000697286   第一样本阅览室/ [索取号:J-61/13] 在馆    
唐山师范学院图书馆 欢迎您!
大连网信软件有限公司© 版权所有